00371nam a2200133Ia 4500003000400000005001700004008004100021040002900062050002000091100002300111245005100134260004300185300000900228OSt20250228131307.0230222s9999||||xx |||||||||||||| ||und|| cChuka University Library aQH 506bS8 1965 aSteiner, Robert F. 4aThe chemical foundations of molecular Biology  aToronto bD Van Nostrand companyc1965 a468p